Generator Puzzle #54 - Statistics

General Stats
  • This quiz has been taken 142 times
  • The average score is 12 of 21
Answer Stats
word % Correct
elephant's nose trunk
93%
adjust an instrument's strings to their correct pitch tune
87%
India's currency rupee
85%
largest joint in the human body knee
80%
people do this in anger and volcanoes do it with lava erupt
79%
cut branches from a plant prune
78%
to de-sex, especially of pets neuter
74%
move into enter
63%
cooked food mashed to a creamy paste puree
58%
be sorry, especially in a biblical sense repent
57%
Jane Fonda's brother Peter
56%
a country Peru
53%
stink reek
48%
second most produced natural fibre, after cotton jute
45%
what employees get when their job becomes permament tenure
40%
9-letter word JETPUNKER
38%
official trip that is really a paid holiday junket
38%
a duke or earl, for example peer
27%
public respect; good name repute
25%
Ireland's pre-euro currency punt
24%
city in the west of India, pop 5 million Pune
23%
No matching quizzes found
Score Distribution
Percent of People with Each Score
Percentile by Number Answered
Your Score History
You have not taken this quiz